000
00289nam a22001337a 4500
008
171030b xxu||||| |||| 00| 0 eng d
020
_a
9780538862714
041
_a
eng
080
_a
336
100
_a
56
101
_a
FIN
245
_a
DERIVATIVE SECURITIES
_c
JARROW,R
942
_2
udc
_c
BK
999
_c
36366
_d
36366